00414nam a2200157Ia 4500003000400000008004100004040001600045082001300061100001400074245005400088260004200142300001000184490002500194650001500219650002200234GCL140319s9999 xx 000 0 eng d aGCL / cGCL04a843bS J1 aDE SA, A.10aJUSTINE OU LES MALHEURS DE LA VERTU / cDE SA, A. a[S.N] : bLE LIVRE DE POCHE ، c1978 a378 P aLE LIVRE DE POCHEv004aLITERATURE04aFRENCH LITERATURE